| 000 | 00383nam a2200157Ia 4500 | ||
|---|---|---|---|
| 008 | 230917s9999||||xx |||||||||||||| ||und|| | ||
| 040 |
_e102325 _aMAIN |
||
| 041 | _aEnglish | ||
| 082 | _a658. F466L:D | ||
| 100 | _aLioyd, Sam. R | ||
| 245 | 0 | _aDeveloping positive assortiveness | |
| 250 | _a3rd ed. | ||
| 260 |
_aNew Delhi _bViva books _c2004 |
||
| 300 | _a108p p. | ||
| 942 | _cBK | ||
| 999 |
_c109846 _d109846 |
||